000 00336nam a22001457a 4500
008 230720b ||||| |||| 00| 0 eng d
020 _a9780801863503
041 _aeng
080 _a61
082 _a61ANG
100 _a4
101 _aMATEM
245 _aCURRICULUM FOR THE TWENTY FIRST CENTURY
_cANGELIS .DE.D C
942 _2udc
_cBK
999 _c60190
_d60190